鉄道旅行ゲーム2 東京近郊電車編のマスに書かれてる駅名 - Statistics

General Stats
  • This quiz has been taken 77 times
  • The average score is 36 of 53
Answer Stats
Answer % Correct
品川
98%
新宿
98%
横浜
94%
池袋
92%
上野
92%
東京
92%
川崎
91%
渋谷
88%
大宮
88%
秋葉原
86%
千葉
86%
赤羽
83%
立川
83%
八王子
81%
川越
80%
西船橋
78%
錦糸町
77%
中野
77%
成田
77%
松戸
77%
大船
75%
武蔵小杉
70%
我孫子
70%
新横浜
69%
橋本
69%
蘇我
67%
市川
66%
南浦和
66%
御茶ノ水
64%
府中本町
64%
三鷹
64%
武蔵浦和
64%
蒲田
63%
拝島
63%
町田
61%
佐倉
61%
津田沼
61%
西国分寺
59%
茅ケ崎
59%
舞浜
58%
新木場
56%
海浜幕張
56%
高麗川
56%
新松戸
55%
海老名
45%
長津田
45%
南越谷
45%
南船橋
44%
北朝霞
44%
武蔵溝ノ口
42%
東松戸
33%
新秋津
25%
西大井
22%
No matching quizzes found
Score Distribution
Percent of People with Each Score
Percentile by Number Answered
Your Score History
You have not taken this quiz